Statistics for The Voice Behind the Character

Click here to take the quiz!

General Stats

  • This quiz has been taken 701 times
    (700 since last reset)
  • The average score is 13 of 26

Answer Stats

CharacterFilmVoice Actor% Correct
WoodyToy StoryTom Hanks
95%
The genieAladdinRobin Williams
90%
DonkeyShrekEddie Murphy
89%
ShrekShrekMike Myers
86%
Princess FionaShrekCameron Diaz
85%
Buzz LightyearToy StoryTim Allen
82%
ZAntzWoody Allen
82%
DoryFinding NemoEllen DeGeneres
76%
MufasaThe Lion KingJames Earl Jones
62%
James P. SullivanMonsters, Inc.John Goodman
55%
Mike WazowskiMonsters, Inc.Billy Crystal
53%
Barry B. BensonThe Bee MovieJerry Seinfeld
51%
Lucius Best / FrozoneThe IncrediblesSamuel L. Jackson
51%
Simba (older)The Lion KingMatthew Broderick
43%
MaterCarsLarry the Cable Guy
42%
Mrs. PottsBeauty and the BeastAngela Lansbury
37%
Don LinoShark TaleRobert DeNiro
35%
Judge DoomWho Framed Roger Rabbit?Christopher Lloyd
28%
Helen Parr / ElastigirlThe IncrediblesHolly Hunter
25%
Anya / AnastasiaAnastasiaMeg Ryan
21%
Vanessa BloomeThe Bee MovieRenee Zellweger
21%
Carl FredricksenUpEd Asner
17%
MosesThe Prince of EgyptVal Kilmer
14%
TodThe Fox and the HoundMickey Rooney
6%
TempletonCharlotte's WebPaul Lynde
6%
WilburCharlotte's WebHenry Gibson
4%

Score Distribution

Percentile by Number Answered

Percent of People with Each Score

Your Score History

You have not taken this quiz since the last reset